Estudios de historia del derecho y de las instituciones

Uloženo v:
Podrobná bibliografie
Hlavní autor: Bermejo Cabrero, José Luis (Autor)
Médium: Kniha
Jazyk:španělština
Vydáno: Madrid Universidad de Alcalá de Henares 1989
Edice:Aula Abierta, 4
Témata:
Tagy: Přidat tag
Žádné tagy, Buďte první, kdo vytvoří štítek k tomuto záznamu!

MARC

LEADER 00000nam a2200000 a 4500
001 UCI3891
003 CL-VaPUC
008 071207e19890000SP |||||||||||||||||spa|d
020 |a 8486981042 
082 0 4 |a 340.5  |b BER  |2 21 
100 0 |a Bermejo Cabrero, José Luis  |e author  |9 525425 
245 1 0 |a Estudios de historia del derecho y de las instituciones 
300 |a 198 p 
942 |c BK 
945 |d 20071207 00:00:00  |a rbrito 
260 |a Madrid  |b Universidad de Alcalá de Henares  |c 1989 
650 0 |a Historia del derecho  |9 255109 
583 |a last modification  |c 20071207 00:00:00  |k Rodrigo Vera 
490 0 |a Aula Abierta, 4 
999 |c 327921  |d 327919 
952 |0 0  |1 0  |4 0  |6 340_500000000000000_BER_1989  |7 0  |8 DER_HIS  |9 411482  |a BIBDER  |b BIBDER  |d 2019-11-22  |i 4394321  |l 1  |o 340.5 BER 1989  |p 4394321  |r 2023-01-25  |s 2020-03-17  |w 2019-11-22  |x Ubicación 4to Piso  |y BK  |z Estos recursos deben solicitarse con anticipación  |k DER